000 004280000a22001690004500
003 MACL
005 20151222151353.0
008 151222b xxu||||| |||| 00| 0 eng d
040 _aMACL
_cMACL
041 _aEnglish
082 _a910/PHI
100 _aChancellor Press
_922033
245 _aWorld Reference Atlas
260 _bChancellor Press
_c2000
_aChina
650 _aGeography & Travel
_922034
942 _cBK
_k910/PHI
_2ddc
999 _c39760
_d39760